LEADER 01773nam a2200397 u 4500 001 000000023586 003 CaOOAMICUS 005 20070226111245.0 008 950609s1994 it u000 u ita u 020 $a8806135260 035 $a10593265 040 $aIPA$bita$dPUL(R) 041 1 $aita$hspa 100 1 $aValdés, Juan de,$d1498-1541.$0(OLS)http://pul/name/19858 240 10$aGruppi, scelte$9(Valdés, Juan de, 1498-1541).$lItaliano.$0(OLS)http://pul/title/32765 245 10$aAlfabeto cristiano ; Domande e risposte ; Della predestinazione ; Catechismo /$cJuan de Valdés ; a cura di Massimo Firpo. 246 33$aDomande e risposte 246 33$aDella predestinazione 246 33$aCatechismo 260 $aTorino :$bGiulio Einaudi,$c1994. 300 $acci, 218 p. ;$c19 cm 490 1 $aNuova universale Einaudi ;$v215 500 $aComprende indici. 504 $aBibliografia: p. clxxix-cci. 650 4$aVita cristiana.$0(OLS)http://pul/subject/1596 700 1 $aFirpo, Massimo,$d1946-$0(OLS)http://pul/name/447 830 0$aNuova universale Einaudi ;$v215.$0(OLS)http://pul/title/32770 850 $aPUL 852 $aPUL$W1$xDP1 Altre Collocazioni$y17$mSenza collocazione$j12$nBK-PRI$b $qStampati$B33081$CPULBib$Z2$F33081 $H $81 941 1 $a8 996 $6020$a8806135260$9(OLS)http://pul/number/29662 996 $6245$aAlfabeto cristiano ; Domande e risposte ; Della predestinazione ; Catechismo$9(OLS)http://pul/title/32766 996 $6246$aDomande e risposte$9(OLS)http://pul/title/32767 996 $6246$aDella predestinazione$9(OLS)http://pul/title/32768 996 $6246$aCatechismo$9(OLS)http://pul/title/32769 996 $6260$aTorino :$bGiulio Einaudi$9(OLS)http://pul/publisher/54573 LEADER 01048nam a2200277 a 4500 001 000000166973 003 CaOOAMICUS 005 20180411095937.0 008 180411s1974 it u000 u ita r 032 $aLibriCat 040 $aPUL$bita 100 1 $aSantoni Rugiu, Antonio,$d1921-$0(OLS)http://pul/name/57906 245 10$aGuida a le scienze dell'educazione /$cAntonio Santoni Rugiu. 260 $aFirenze :$bSansoni,$c1974. 300 $a251 p. ;$c18 cm. 490 1 $aSansoni università 500 $aContiene indici. 504 $aBibliografia in nota. 650 4$aScienze dell'educazione.$0(OLS)http://pul/subject/10234 830 0$aSansoni università.$0(OLS)http://pul/title/179417 850 $aPUL 852 $aPUL$W1$xDP1 Fondo Dalla Palma$y117$m1 D 22$j3320$qFondi$B194502$CPULBib$Z2$F194502 $HDal2771 $81 941 1 $a1 996 $6245$aGuida a le scienze dell'educazione$9(OLS)http://pul/title/206771 996 $6260$aFirenze :$bSansoni$9(OLS)http://pul/publisher/47896